Social and occupational factors associated with psychological distress and disorder among disaster responders: a systematic review (Record no. 300206)
[ view plain ]
| 000 -LEADER | |
|---|---|
| fixed length control field | 00753nam a2200133Ia 4500 |
| 008 - FIXED-LENGTH DATA ELEMENTS--GENERAL INFORMATION | |
| fixed length control field | 160809s9999 xx 000 0 und d |
| 100 ## - MAIN ENTRY--PERSONAL NAME | |
| Personal name | Brooks, Samantha K. |
| 245 ## - TITLE STATEMENT | |
| Title | Social and occupational factors associated with psychological distress and disorder among disaster responders: a systematic review |
| 245 ## - TITLE STATEMENT | |
| Statement of responsibility, etc | Samantha K. Brooks, Rebecca Dunn, Richard Amlôt, Neil Greenberg and G. James Rubin |
| 260 ## - PUBLICATION, DISTRIBUTION, ETC. (IMPRINT) | |
| Name of publisher, distributor, etc | BMC Psychology |
| 260 ## - PUBLICATION, DISTRIBUTION, ETC. (IMPRINT) | |
| Date of publication, distribution, etc | 26 April 2016 |
| 650 ## - SUBJECT ADDED ENTRY--TOPICAL TERM | |
| General subdivision | PSYCHOLOGY |
| 856 ## - ELECTRONIC LOCATION AND ACCESS | |
| Uniform Resource Identifier | <a href="http://download.springer.com/static/pdf/977/art%253A10.1186%252Fs40359-016-0120-9.pdf?originUrl=http%3A%2F%2Fbmcpsychology.biomedcentral.com%2Farticle%2F10.1186%2Fs40359-016-0120-9&token2=exp=1469411431~acl=%2Fstatic%2Fpdf%2F977%2Fart%25253A10.1186%25252F">http://download.springer.com/static/pdf/977/art%253A10.1186%252Fs40359-016-0120-9.pdf?originUrl=http%3A%2F%2Fbmcpsychology.biomedcentral.com%2Farticle%2F10.1186%2Fs40359-016-0120-9&token2=exp=1469411431~acl=%2Fstatic%2Fpdf%2F977%2Fart%25253A10.1186%25252F</a> |
| Withdrawn status | Lost status | Damaged status | Home library | Current library | Date acquired | Total Checkouts | Date last seen | Price effective from | Koha item type |
|---|---|---|---|---|---|---|---|---|---|
| College Library | College Library | 08/09/2016 | 08/09/2016 | 08/09/2016 | Foreign e-journal articles |